Kỹ thuật điện

Enregistré dans:
Détails bibliographiques
Format: Livre
Langue:Undetermined
Publié: Hà Nội Khoa học và Kỹ thuật 2006
Sujets:
Tags: Ajouter un tag
Pas de tags, Soyez le premier à ajouter un tag!
Thư viện lưu trữ: Trung tâm Học liệu Trường Đại học Cần Thơ
LEADER 00502nam a2200181Ia 4500
001 CTU_104002
008 210402s9999 xx 000 0 und d
020 |c 52000 
082 |a 621.3 
082 |b K600 
245 0 |a Kỹ thuật điện 
245 0 |c Trương Tri Ngộ, ... [et al] 
260 |a Hà Nội 
260 |b Khoa học và Kỹ thuật 
260 |c 2006 
650 |a Electric angineering 
904 |i Nguyên 
980 |a Trung tâm Học liệu Trường Đại học Cần Thơ